书目信息 |
| 题名: |
食品行业清洁生产及案例解析
|
|
| 作者: | 于宏兵 编著 | |
| 分册: | ||
| 出版信息: | 北京 新华出版社 2006.11 |
|
| 页数: | 402页 | |
| 开本: | 20cm | |
| 丛书名: | ||
| 单 册: | ||
| 中图分类: | X383 | |
| 科图分类: | ||
| 主题词: | 无污染技术--研究 | |
| 电子资源: | ||
| ISBN: | 7-5011-7729-5 | |
| 000 | 00590nam0 2200193 450 | |
| 001 | 0740047893 | |
| 005 | 20070402150640.79 | |
| 010 | @a7-5011-7729-5@dCNY33.00 | |
| 100 | @a20070402d2006 km y0chiy0120 ea | |
| 101 | 0 | @achi |
| 102 | @aCN@b110000 | |
| 200 | 1 | @a食品行业清洁生产及案例解析@Ashi pin hang ye qing jie sheng chan ji an li jie xi@f于宏兵等编著@Fyu hong bing deng bian zhu |
| 210 | @a北京@c新华出版社@d2006.11 | |
| 215 | @a402页@d20cm | |
| 606 | 0 | @a无污染技术@x研究 |
| 690 | @aX383@v3 | |
| 701 | 0 | @a于宏兵@Ayu hong bing@4编著 |
| 801 | 0 | @aCN@c20070402 |
| 905 | @a10447@dX383@eY710 | |
| 食品行业清洁生产及案例解析/于宏兵等编著.-北京:新华出版社,2006.11 |
| 402页;20cm |
| ISBN 7-5011-7729-5:CNY33.00 |
| ● |
| 相关链接 |
|
|
|
正题名:食品行业清洁生产及案例解析
索取号:X383/Y710
 
预约/预借
| 序号 | 登录号 | 条形码 | 馆藏地/架位号 | 状态 | 备注 |
| 1 | 448261 | 204482611 | 自科库501/501自科库 67排3列4层/ [索取号:X383/Y710] | 在馆 | |
| 2 | 448262 | 204482620 | 自科库501/501自科库 67排3列4层/ [索取号:X383/Y710] | 在馆 | |
| 3 | 448263 | 204482639 | 自科库501/501自科库 67排3列4层/ [索取号:X383/Y710] | 在馆 |